000 00548nmm a2200193Ia 4500
008 251105s9999||||xx |||||||||||||||||und||
020 _a9788417305055
041 _aspa
100 _aLaidlaw, Marc
245 0 _aEl Mandala 37
264 _a[Madrid, España] :
_bRoca Editorial,
_c[Fecha de publicación no identificada]
300 _a0 páginas
490 _aNovela
650 _aScience fiction & Fantasy
700 _aLaidlaw, Marc
700 1 _a Tejera, David
856 _uhttps://public.digitaliapublishing.com/a/82100
942 _cCF
999 _c67613
_d67613